000
00305nam a22001337a 4500
008
170703b xxu||||| |||| 00| 0 eng d
020
_a
9780415086646
041
_a
eng
080
_a
05
100
_a
22
101
_a
GJL
245
_a
ETHNOLOGY PRINCIPLES IN PRACTICE
_c
ATKINSON.P
942
_2
udc
_c
BK
999
_c
19854
_d
19854